Statistics for Book quiz - 19th century authors - Part 1 of 3

Click here to take the quiz!

General Stats

  • This quiz has been taken 778 times
    (767 since last reset)
  • The average score is 17 of 30

Answer Stats

NovelYearAuthor% Correct
Pride and Prejudice1813Jane Austen
98%
The Adventures of Tom Sawyer1876Mark Twain
95%
Great Expectations1861Charles Dickens
94%
War and Peace1869Leo Tolstoy
94%
Wuthering Heights1847Emily Bronte
93%
Frankenstein1818Mary Shelley
92%
Moby Dick1851Herman Melville
88%
The Picture of Dorian Gray1891Oscar Wilde
87%
The Three Musketeers1844Alexandre Dumas
86%
Crime and Punishment1866Fyodor Dostoyevsky
79%
Treasure Island1883Robert Louis Stevenson
77%
The Hunchback of Notre Dame1831Victor Hugo
77%
Tess of the d'Urbervilles1891Thomas Hardy
71%
The War of the Worlds1898H.G. Wells
70%
Journey to the Centre of the Earth1864Jules Verne
70%
Madame Bovary1856Gustave Flaubert
68%
Uncle Tom's Cabin1852Harriet Beecher Stowe
65%
The Last of the Mohicans1826James Fenimore Cooper
49%
The Portrait of a Lady1881Henry James
42%
Black Beauty1877Anna Sewell
37%
The Red Badge of Courage1895Stephen Crane
28%
Three Men in a Boat1889Jerome K. Jerome
26%
King Solomon's Mines1885H. Rider Haggard
18%
The Adventures of Pinocchio1883Carlo Collodi
17%
Captains Courageous1897Rudyard Kipling
15%
Confessions of an English Opium Eater1821Thomas de Quincey
13%
The Coral Island1858R.M. Ballantyne
8%
Tom Brown's Schooldays1857Thomas Hughes
8%
The Prisoner of Zenda1894Anthony Hope
7%
What Katy Did1872Susan Coolidge
5%

Score Distribution

Percentile by Number Answered

Percent of People with Each Score

Your Score History

You have not taken this quiz since the last reset